[Event "Krapina op 7th"]
[Site "Krapina"]
[Date "2017.01.14"]
[Round "4"]
[White "Kostelac, Tea"]
[Black "Kovac, Mihael"]
[Result "1/2-1/2"]
[WhiteElo "1333"]
[BlackElo "1687"]
[PlyCount "37"]
[EventDate "2017.01.12"]
[EventType "swiss"]
[EventRounds "7"]
[EventCountry "CRO"]
[SourceTitle "CBM 176 Extra"]
[Source "ChessBase"]
[SourceDate "2017.03.02"]
[SourceVersion "1"]
[SourceVersionDate "2017.03.02"]
[SourceQuality "1"]

1. e4 c5 2. Nc3 e6 3. Bc4 Nf6 4. e5 d5 5. exd6 Bxd6 6. Nf3 a6 7. a4 Nc6 8. d3 h6 9. Nd2 0-0 10. Nde4 Be7 11. Be3 b6 12. Rb1 Nd5 13. Bd2 Na5 14. Bxd5 exd5 15. Ng3 Nc6 16. 0-0 Bb7 17. Qg4 Ne5 18. Qh5 Bg5 19. f4 1/2-1/2

[Event "CRO-ch U19"]
[Site "Vinkovci"]
[Date "2016.07.27"]
[Round "4"]
[White "Kovac, Mihael"]
[Black "Matanovic, Pavo"]
[Result "1-0"]
[WhiteElo "1749"]
[BlackElo "1768"]
[PlyCount "35"]
[EventDate "2016.07.25"]
[EventType "swiss"]
[EventRounds "9"]
[EventCountry "CRO"]
[SourceTitle "CBM 173 Extra"]
[Source "ChessBase"]
[SourceDate "2016.08.29"]
[SourceVersion "1"]
[SourceVersionDate "2016.08.29"]
[SourceQuality "1"]

1. c4 d5 2. cxd5 Qxd5 3. Nc3 Qa5 4. e4 Nf6 5. Nf3 Bg4 6. h3 Bh5 7. Be2 e5 8. 0-0 Bg6 9. d3 Nc6 10. Bg5 Nd7 11. Nh4 Be7 12. Nxg6 Bxg5 13. Nxh8 Kf8 14. Nxf7 Kxf7 15. Qb3+ Ke8 16. Qxb7 Ndb8 17. Nd5 Kd8 18. Bg4 1-0